Statistics for Spell Jeppy

Click here to take the quiz!

General Stats

  • This quiz has been taken 453 times
  • The average score is 12 of 12

Answer Stats

HintAnswer% Correct
1jeppy
100%
2jeppy
98%
3jeppy
97%
4jeppy
97%
5jeppy
96%
6jeppy
96%
7jeppy
95%
8jeppy
95%
9jeppy
95%
10jeppy
95%
11jeppy
95%
12jeppy
94%

Score Distribution

Percentile by Number Answered

Percent of People with Each Score

Your Score History

You have not taken this quiz